000 00713cab a2200229 4500
001 WB3315-22
008 090401t1997 xxu||||| |||| 00| 0 eng d
035 _a(Sirsi) u77765
041 _aeng
245 _aCost Efficient
260 _c1997
350 _a0
490 _aHerald
_v15 April 1997,26(1)
520 _aCurrie and Brown, cost management consultants are on a recruitment drive to take on more quantity surveyors, due to a forecast of growth for the company.
650 _aCost management
_96233
650 _aCURRIE AND BROWN
650 _aQUANTITY SURVEYORS
650 _aRECRUITMENT
690 _aMANAGEMENT-BUSINESS MANAGEMENT-PROFESSIONAL PRACTICE
942 _n0
948 _c17/04/1997
999 _c48884
_d48884